LEADER 01442nam a2200289 i 4500 001 000000214041 003 CaOOAMICUS 005 20120621000000.0 008 120621s2012 be u000 u eng u 013 $a192896 020 $a978-90-429-2516-8 040 $aSeMil$bita 100 1 $aGarsoļan, Nina <1923- >.$0(OLS)http://semarc/name/35242 245 10$aInterregnum :$bintroduction to a study on the formation of Armenian identity (ca 600-750) /$cby Nina Garsoļan. 260 $aLovanii :$bin aedibus Peeters,$c2012. 300 $aXVIII, 193 p. ;$c24 cm. 490 0 $aCorpus Scriptorum Christianorum Orientalium ;$v640. 490 0 $aCorpus Scriptorum Christianorum Orientalium. Subsidia ;$v127 650 4$aArmenia - Storia religiosa - 600-750.$0(OLS)http://semarc/subject/39950 830 0$aCorpus Scriptorum Christianorum Orientalium ;$v640.$0(OLS)http://semarc/title/77 830 0$aCorpus Scriptorum Christianorum Orientalium. Subsidia ;$v127.$0(OLS)http://semarc/title/9539 850 $aSeMil 852 $aSeMil$W1$xVenegono$y1$m2S III 640$j164469$B164469$CSeMilBibl$Z2$F175481 $81 961 $aSottoscrizione: Peeters 996 $6020$a978-90-429-2516-8$9(OLS)http://semarc/number/210218 996 $6245$aInterregnum :$bintroduction to a study on the formation of Armenian identity (ca 600-750)$9(OLS)http://semarc/title/308493 996 $6260$aLovanii :$bin aedibus Peeters$9(OLS)http://semarc/publisher/29647 LEADER 01369nam a2200289 i 4500 001 000000195845 003 CaOOAMICUS 005 20190318143229.0 008 101230s1772 it u000 u ita u 013 $a174525 026 $aalto adoe arla Sata (3) 1772 (R) 040 $aSeMil$bita 100 1 $aBallerini, Pietro,$d<1698-1769>.$0(OLS)http://semarc/name/13761 245 13$aIl metodo di S. Agostino negli studi opera del sig. abate Pietro Ballerini. 250 $aIn questa nuova edizione accresciuta di articoli e di note e dedicata all'illustrissimo signore don Giuseppe Casati ... 260 $aIn Milano :$bAppresso Giuseppe Galeazzi regio stampatore,$c1772. 300 $a[8], 87, [1] p. ;$c16°. 500 $aSegn.: ?? A-D? E? F? 600 04$aAgostino, Aurelio .$0(OLS)http://semarc/subject/1856 700 1 $aGaleazzi, Giuseppe,$c.$0(OLS)http://semarc/name/2995 752 $aIT$dMilano 773 0 $t[Miscellanea.$w()24100 850 $aSeMil 852 $aSeMil$W1$xVenegono$y1$m5A I 7/6 FA$j146414$B146414$CSeMilBibl$Z2$F157874 $8I 996 $6245$aIl metodo di S. Agostino negli studi opera del sig. abate Pietro Ballerini$9(OLS)http://semarc/title/282693 996 $6260$aIn Milano :$bAppresso Giuseppe Galeazzi regio stampatore$9(OLS)http://semarc/publisher/55775